00706cam a22001577a 4500008004000000082002400040100007200064245017200136250001600308260008700324300001000411500002800421700003400449700003500483700003000518180718b1973 xxu||||| |||| 00| 0 eng d aZ463x54 P/S/1974-75 aIndia. Agricultural Prices Commission on Price Policy for Sugarcane aReport of the Agricultural Prices Commission on Price Policy for Sugarcane for the 1974-75 seasoncby Department of Agriculture, Ministry of Agriculture and Irrigation aAgriculture aNew DelhibDepartment of Agriculture, Ministry of Agriculture and Irrigationc1973 a29+p. aChairman: M.L. Dantwala aand Irrigation. Department of aIndia. Ministry of Agriculture aDantwala, M.L. (Chairman)